fnaf things i know! - Statistics

General Stats
  • This quiz has been taken 73 times
  • The average score is 7 of 14
Answer Stats
Hint Answer % Correct
is golden freddy real? yes
100%
who is micheal's dad? william afton
81%
who says "I Always Come Back"? william afton
78%
who do we play as in fnaf sb? gregory
62%
who do we play as in fnaf 1? micheal
52%
who do we play as in fnaf 3? micheal
52%
who do we play as in fnaf sl? micheal
52%
who are we in fnaf ruin? cassie
43%
who is sun in ruin? eclipse
41%
what is the final boss in fnaf world? animdude
33%
who is clara? ballora
29%
who is the first boss in sb? sun
29%
who is william? glitchtrap
9%
who is micheal's mom? clara sdchmit
3%
No matching quizzes found
Score Distribution
Percent of People with Each Score
Percentile by Number Answered
Your Score History
You have not taken this quiz